00821nam a22002417a 4500001001000000003000500010005001700015008004100032010001000073011001000083035001000093040000900103082002100112100001800133245007300151250001000224260006400234300003200298490009100330500004900421650001800470830009100488000016312CHAP20220329134107.0971013s1966 r 00010 d a15273 a16245 a20324 cCHAP04a631.585bH4 196600aHewitt, E. J.10aSand and water culture methods used in the study of plant nutrition. a2 ed. aBucks, England :bCommonwealth Agricultural Bureaux,c1966. a547 p. :b: ilus. ; láms.1 aCommonwealth Bureau of Horticulture and Planation Crops. Technical Communicationv; 22 aPerdido original se repuso con una fotocopia14aHidroponía.0 aCommonwealth Bureau of Horticulture and Planation Crops. Technical Communicationv; 22